| 000 | 01300 a2200217 4500 | ||
|---|---|---|---|
| 001 | 37603 | ||
| 005 | 20260407155643.0 | ||
| 008 | 260407a1996 arg spa d | ||
| 003 | AR-UNSa-BCEJYS | ||
| 040 |
_aAR-UNSa-BCEJYS _bspa _cAR-UNSa-BCEJYS |
||
| 080 |
_a658.82 _xPromoción de ventas |
||
| 245 | 1 | 0 | _aMarketing Estratégico |
| 020 | _a84-481-1611-9 | ||
| 250 | _a3a. ed | ||
| 264 | 1 |
_aMadrid : _bMcGraw-Hill _c1996 |
|
| 300 |
_a610 p. _c23 cm. |
||
| 505 | _a1. El marketing en la empresa y en la economía - 2. El marketing en periodo de crisis y de turbulencia - 3. El marketing y la satisfacción de las necesidades - 4. El comportamiento de elección del comprador - 5. Los comportamientos de respuesta del comprador - 6. El análisis de las necesiades a través de la segmentación - 7. El análisis del atractivo del mercado de referencia - 8. El análisis de la competitividad de la empresa - 9. La elección de una estrategia de marketing - 10. El desarrollo por el lanzamiento de nuevos productos - 11. Las decisiones estrategicas de distribución - 12. Las decisiones estrategicas de precio - 13. Las decisiones estrategicas de comunicación - 14. El plan estrategico de marketing. | ||
| 942 | _cBK | ||
| 590 | _aniveau_biblio:m niveau_hierar:0 | ||
| 100 | 1 | _aLambin, Jean- Jacques | |
| 999 |
_c2775 _d2775 |
||